000 00513nam a22001817a 4500
005 20251108165039.0
008 250721s1993 xx 000 0 ara d
082 1 4 _a901/فوك
100 1 _aفوكوياما، فرانسيس
245 1 0 _aنهاية التاريخ /
264 1 _aبيروت :
_bدار العلوم العربية،
_c1993.
300 _a280ص
650 1 7 _aالتاريخ
650 1 7 _aالفلسفة
700 1 _aالشيخ، حسين
_eترجمة
942 _2ddc
_cBK
999 _c20839
_d20839